Culture Générale - Série 374 - Statistiques

Statistiques générales
  • Ce quiz a été pris 281 fois
  • Le résultat moyen est 8 sur 10
Statistiques - réponses
Question Réponse % Correct
Quelle est la couleur de la pierre précieuse appelée rubis ? Rouge
99%
Dans quel pays peut-on admirer la pyramide de Khéops ? L'Egypte
98%
Pour quel président américain Marilyn Monroe a-t-elle chanté son fameux "Happy Birthday" en 1962 ? John Fitzgerald Kennedy
95%
Complétez l'expression : "Mettre du beurre dans les... Epinards
94%
Quelle chapelle du Vatican doit son nom au pape Sixte IV ? La chapelle Sixtine
94%
Quel est le nom de l'instrument qui permet au médecin d'ausculter un patient ? Le stéthoscope
86%
Selon l'expression, une personne qui parle très mal notre langue "parle français comme une vache... Espagnole
78%
Avec quel groupe grunge Kurt Cobain connut-il un succès international ? Nirvana
77%
En quelle année la loi interdisant de fumer dans les bars et restaurants est-elle entrée en vigueur en France ? 2008
68%
Quel acteur a incarné James Bond dans les films "Demain ne meurt jamais" et "Meurs un autre jour" ? Pierce Brosnan
53%
Aucun quiz correspondant
Distribution des résultats
% des personnes avec chaque résultat
Percentile par nombre de réponses
Votre historique - résultats
Vous n’avez pas pris ce quiz